Predstavujeme produkty Hasičskej poisťovne a.s. poistenie účastníkov zájazdov

Bibliographic Details
Main Author: Dolinská, Eva, 1949-1992 (Author)
Format: Article
Language:Slovak
ISSN:0231-617X
Subjects:

MARC

LEADER 00000nab a2200000 a 4500
001 vtls000658538
003 SK-MaSNL
005 20260302183516.0
008 140617c1998 xo 0 slo
015 |a SNBRB1998/05-13278 
035 |a CLN000010730 
040 |a SNKBUCL  |b slo  |c SNKBUCL  |e AACR2 
041 0 |a slo 
044 |a xo  |c SK 
080 |a 368.032(437.6):614.84  |2 1997 
080 |a 368:338.48  |2 1997 
100 1 |a Dolinská, Eva,  |d 1949-1992  |4 aut  |9 101404 
245 1 0 |a Predstavujeme produkty Hasičskej poisťovne a.s.  |b poistenie účastníkov zájazdov  |c Eva Dolinská 
610 7 |a Hasičská poisťovňa (Slovensko)  |x poistenie cestovné  |2 snkbucl  |9 897056 
650 0 7 |a poistenie cestovné  |2 snkbucl  |9 844421 
655 7 |a články z novín a časopisov  |2 snkbucl  |9 267496 
773 0 |t Požiarnik  |g Roč. 75, č. 5 (1998), s. 14  |x 0231-617X 
850 |a Slovenská národná knižnica v Martine 
852 |a SNK  |b KIS3GCP 
958 |a SK 
992 |a RBX 
999 |c 1421985  |d 1423915